00398nam a2200157 a 450000100060000000300090000600800410001502000150005604000280007108200170009910000180011624500450013426000300017930000080020965000230021713865CO-ViMGA141112s2004 ck r 000 u spa d a8480130059 aCO-ViMGAbspacCO-ViMGA04a797.25 M177j1 aMartin, Oscar10aJuegos y recreacion deportiva en el agua aMadrid : bGymnos, c1993 a15114aDEPORTES ACUATICOS